Life safety code : NFPA 101®

Na minha lista:
Detalhes bibliográficos
Autor Corporativo: National Fire Protection Association (Estados Unidos)
Formato: Livro
Publicado em: Quincy, Mass. : National Fire Protection Association, 2003
Edição:2003
Assuntos:
Tags: Adicionar Tag
Sem tags, seja o primeiro a adicionar uma tag!

MARC

LEADER 00000nam a2200000Ia 4500
003 000007
005 20221231144016.0
008 140114s2000 MA a 000 ||E d
040 |c cru CEDI 
082 |a 628.922 L716l 
110 |9 18730  |a National Fire Protection Association (Estados Unidos)  
245 |a Life safety code : NFPA 101®  
246 |a NFPA 101®  
250 |a 2003 
260 |a  Quincy, Mass. : National Fire Protection Association,  |c 2003 
300 |a 396 páginas 
650 |x INCENDIOS   |x  PREVENCION   |x MEDIDAS DE SEGURIDAD   |x  ESTADOS UNIDOS   |x  NORMAS   |x PUBLICOS   |x  INCENDIOS Y PREVENCION DEL FUEGO   |x CONSTRUCCION   |x LEGISLACION  |9 18747 
942 |2 ddc  |c BK 
999 |c 15565  |d 15565